| Tag |
First Indicator |
Second Indicator |
Subfields |
| LEADER |
00000cam a2200000 a 4500 |
| 001 |
in00004478310 |
| 005 |
20210818135131.0 |
| 008 |
930113s1992 enka b 001 0 eng d |
| 010 |
|
|
|a gb 93004257
|
| 015 |
|
|
|a GB93-4257
|
| 020 |
|
|
|a 1560982675
|
| 035 |
|
|
|a (OCoLC)27378577
|
| 035 |
|
|
|9 AAF7840MS
|
| 035 |
|
|
|z (UtOrBLW)17992
|
| 035 |
|
|
|a 29982
|
| 040 |
|
|
|a UKM
|c UKM
|d SMI
|d UIU
|d TMV
|d UtOrBLW
|
| 043 |
|
|
|a n------
|a s------
|
| 049 |
|
|
|a TMVM
|c 1
|
| 060 |
|
4 |
|a QL 680
|b T531 1992
|
| 082 |
0 |
4 |
|a 598.042097
|2 20
|
| 245 |
0 |
0 |
|a Threatened birds of the Americas :
|b the ICBP/IUCN red data book, part 2 /
|c N.J. Collar ... [and others].
|
| 264 |
|
1 |
|a Washington ;
|a London :
|b Smithsonian Institution Press in cooperation with International Council for Bird Preservation,
|c [1992]
|
| 264 |
|
4 |
|c ©1992
|
| 300 |
|
|
|a 1150 pages :
|b illustrations ;
|c 24 cm.
|
| 336 |
|
|
|a text
|2 rdacontent
|b txt
|
| 337 |
|
|
|a unmediated
|2 rdamedia
|
| 338 |
|
|
|a volume
|2 rdacarrier
|b nc
|
| 504 |
|
|
|a Includes bibliographical references (pages 1055-1135) and index.
|
| 505 |
0 |
|
|a Threatened species accounts -- Tinamidae -- Podicipedidae -- Procellariidae -- Pelecanoididae -- Anatidae -- Accipitridae -- Falconidae -- Cracidae -- Phasianidae -- Rallidae -- Laridae -- Collumbidae -- Psittacidae -- Cuculidae -- Strigidae -- Caprimulgidae -- Apodidae -- Trochilidae -- Trogonidae -- Momotidae -- Galbulidae -- Capitonidae -- Ramphastidae -- Picidae -- Dendrocolaptidae -- Furnariidae -- Formicariidae -- Rhinocryptidae -- Cotingidae -- Pipridae -- Tyrannidae -- Phytotomidae -- Motacillidae -- Cinclidae -- Troglodytidae -- Mimidae -- Muscicapidae -- Emberizidae -- Thraupidae -- Parulidae -- Vireonidae -- Icteridae -- Fringillidae -- Corvidae -- Threatened birds of North America and the Neotropical Pacific: summary accounts -- Procellariidae -- Hydrobatidae -- Phalacrocoracidae -- Cathartidae -- Accipitridae -- Gruidae -- Scolopacidae -- Charadriidae -- Columbidae -- Psittacidae -- Trochilidae -- Picidae -- Furnariidae -- Mimidae -- Emberizidae -- Parulidae -- Vireonidae -- Threatened birds of the Americas, by category of threat.
|
| 505 |
0 |
|
|a (cont) Threatened birds of the Americas, by country -- Near-threatened birds of the Americas.
|
| 650 |
|
2 |
|a Birds.
|
| 650 |
|
2 |
|a Conservation of Natural Resources.
|
| 651 |
|
2 |
|a Americas.
|
| 700 |
1 |
|
|a Collar, N. J.
|
| 710 |
2 |
|
|a International Council for Bird Preservation.
|
| 710 |
2 |
|
|a International Union for Conservation of Nature and Natural Resources.
|
| 740 |
0 |
|
|a ICBP/IUCN red data book, Part 2.
|
| 999 |
|
|
|a MARS
|
| 999 |
f |
f |
|s 95bc8558-8e1a-35fb-9692-0285138b6006
|i ff0fb7db-091c-3d82-812e-5849d62bc6c6
|t 0
|
| 952 |
f |
f |
|p preservation
|a Texas A&M University
|b J.J. Pickle Campus
|c High Density Repository
|d Remote Storage
|t 0
|e QL 680 T531 1992
|h National Library of Medicine classification
|i unmediated -- volume
|m 3238901029464
|
| 998 |
f |
f |
|a QL 680 T531 1992
|t 0
|l Remote Storage
|